Kitāb Mabādiʼ al-lughah : maʻa sharḥ abyāt mabādiʼ al-lughah /
Main Author:
Other Authors:
Format: Book
Language: Arabic
Published:
Miṣr :
Maṭbaʻat al-Saʻādah,
1325 [1907].
Edition: al-Ṭabʻah 1.
Subjects:
Tags: Add Tag
Call Number: PJ6680 .K43 1907
| LEADER | 01624nam a2200265Ia 4500 | ||
|---|---|---|---|
| 003 | OSt | ||
| 005 | 20231004081525.0 | ||
| 008 | 130303s1907 ua b 000 0 ara d | ||
| 952 | |0 0 |1 0 |2 lcc |4 0 |6 PJ6680 K43 01907 |7 1 |9 50325 |a ARCE |b ARCE |d 2023-10-04 |l 0 |o PJ6680 .K43 1907 |p 1028559 |r 2023-10-04 00:00:00 |w 2023-10-04 |y BK | ||
| 999 | |c 27519 |d 27519 | ||
| 040 | |c ARCE Library | ||
| 050 | 4 | |a PJ6680 .K43 1907 | |
| 100 | 1 | |6 880-01 |a Iskāfī, Muḥammad ibn ʻAbd Allāh, |d -1029, |e author |9 32949 | |
| 245 | 1 | 0 | |6 880-02 |a Kitāb Mabādiʼ al-lughah : |b maʻa sharḥ abyāt mabādiʼ al-lughah / |c li-Abī ʿAbd Allāh Muḥammad ibn ʿAbd Allāh al-Khaṭīb al-Iskāfī ; ʿuniya bi-taṣḥīḥihi Muḥammad Badr al-Dīn al-Naʿsānī al-Ḥalabī. |
| 250 | |a al-Ṭabʻah 1. | ||
| 264 | 1 | |a Miṣr : |b Maṭbaʻat al-Saʻādah, |c 1325 [1907]. | |
| 300 | |a 204 pages ; |c 23 cm. | ||
| 504 | |a Includes bibliographical references. | ||
| 650 | 0 | |a Arabic language |x Terms and phrases |v Early works to 1800. | |
| 700 | 1 | |a Ḥalabī, Muḥammad Badr al-Dīn al-Naʿsānī. | |
| 740 | 0 | |a Mabādiʾ al-lughah. | |
| 880 | 1 | |6 100-01/(3/r |a اسكافي, محمد بن عبد الله |d -1029. | |
| 880 | 1 | 0 | |6 245-02/(3/r |a كتاب مبادئ اللغة : |b مع شرح أبيات مبادئ اللغة |c لأبي عبد الله محمد بن عبد الله الخطيب الإسكافي ; عني بتصحيحه محمد بدر الدين النعساني الحلبي. |
| 901 | |a reviewed | ||
| 942 | |c BK |2 lcc | ||
